Optical switching networks-(E-BOOK) (Record no. 191591)

000 -LEADER
fixed length control field 01205 a2200277 4500
003 - CONTROL NUMBER IDENTIFIER
control field Nust
005 - DATE AND TIME OF LATEST TRANSACTION
control field 20170207154019.0
010 ## - LIBRARY OF CONGRESS CONTROL NUMBER
LC control number 2007052216
020 ## - INTERNATIONAL STANDARD BOOK NUMBER
International Standard Book Number 9780521868006 (hardback)
035 ## - SYSTEM CONTROL NUMBER
System control number (OCoLC)183264828
035 ## - SYSTEM CONTROL NUMBER
System control number (OCoLC)ocn183264828
040 ## - CATALOGING SOURCE
Transcribing agency Nust
082 00 - DEWEY DECIMAL CLASSIFICATION NUMBER
Classification number 621.382/7
100 1# - MAIN ENTRY--PERSONAL NAME
Personal name Maier, Martin,
245 10 - TITLE STATEMENT
Title Optical switching networks-(E-BOOK)
Statement of responsibility, etc. Martin Maier.
260 ## - PUBLICATION, DISTRIBUTION, ETC.
Place of publication, distribution, etc. Cambridge ;
-- New York :
Name of publisher, distributor, etc. Cambridge University Press,
Date of publication, distribution, etc. 2008.
300 ## - PHYSICAL DESCRIPTION
Extent xx, 324 p. :
Other physical details ill. ;
Dimensions 26 cm.
505 ## - FORMATTED CONTENTS NOTE
Formatted contents note Part I Introduction (Page-1), Part Ii Optical Wide Area Networks (Page-51), Part Iii Optical Metropolitan Area Networks (Page-155), Part Iv Optical Access And Local Area Networks (Page-219), Part V Testbeds (Page-271).
650 #0 - SUBJECT ADDED ENTRY--TOPICAL TERM
Topical term or geographic name entry element Computer networks.
650 #0 - SUBJECT ADDED ENTRY--TOPICAL TERM
Topical term or geographic name entry element Optical communications.
650 #0 - SUBJECT ADDED ENTRY--TOPICAL TERM
Topical term or geographic name entry element Telecommunication systems.
651 ## - SUBJECT ADDED ENTRY--GEOGRAPHIC NAME
Geographic name E-BOOK
856 42 - ELECTRONIC LOCATION AND ACCESS
Materials specified Contributor biographical information
Uniform Resource Identifier <a href="http://www.loc.gov/catdir/enhancements/fy0806/2007052216-b.html">http://www.loc.gov/catdir/enhancements/fy0806/2007052216-b.html</a>
856 42 - ELECTRONIC LOCATION AND ACCESS
Materials specified Publisher description
Uniform Resource Identifier <a href="http://www.loc.gov/catdir/enhancements/fy0806/2007052216-d.html">http://www.loc.gov/catdir/enhancements/fy0806/2007052216-d.html</a>
856 42 - ELECTRONIC LOCATION AND ACCESS
Materials specified Table of contents only
Uniform Resource Identifier <a href="http://www.loc.gov/catdir/enhancements/fy0806/2007052216-t.html">http://www.loc.gov/catdir/enhancements/fy0806/2007052216-t.html</a>
942 ## - ADDED ENTRY ELEMENTS (KOHA)
Source of classification or shelving scheme
Koha item type Book
Holdings
Withdrawn status Lost status Source of classification or shelving scheme Damaged status Not for loan Collection code Permanent Location Current Location Date acquired Total Checkouts Full call number Barcode Date last seen Price effective from Koha item type
            Military College of Signals (MCS) Military College of Signals (MCS) 12/12/2016   621.3827 MAI MCSEB-761 12/08/2016 12/12/2016 Book
© 2023 Central Library, National University of Sciences and Technology. All Rights Reserved.